ՀՀ Գիտությունների ազգային ակադեմիայի հիմնարար գիտական գրադարան  =   Fundamental Scientific Library of NAS RA
Normal view MARC view

Entry Personal Name

Number of records used in: 10

001 - CONTROL NUMBER

  • control field: 1389

003 - CONTROL NUMBER IDENTIFIER

  • control field: AM-YEHGA

005 - DATE AND TIME OF LATEST TRANSACTION

  • control field: 20250617070427.0

008 - FIXED-LENGTH DATA ELEMENTS

  • fixed length control field: 050301 a|ac|n|aab||||||||||||a |n|||||||

040 ## - CATALOGING SOURCE

  • Original cataloging agency: AM-YEHGA

100 1# - HEADING--PERSONAL NAME

  • Personal name: Պետրոսյան, Ալվարդ Բարդուղի,
  • Dates associated with a name: 1946-

400 1# - SEE FROM TRACING--PERSONAL NAME

  • Personal name: Պետրոսյան, Ալվարդ,
  • Dates associated with a name: 1946-

400 1# - SEE FROM TRACING--PERSONAL NAME

  • Personal name: Պետրոսյան, Ա.
  • Fuller form of name: (Ալվարդ),
  • Dates associated with a name: 1946-

400 1# - SEE FROM TRACING--PERSONAL NAME

  • Personal name: Петросян, Алвард Бардуговна,
  • Dates associated with a name: 1946-

400 1# - SEE FROM TRACING--PERSONAL NAME

  • Personal name: Петросян, Алвард,
  • Dates associated with a name: 1946-

400 1# - SEE FROM TRACING--PERSONAL NAME

  • Personal name: Petrosyan, Alvard Bardughi,
  • Dates associated with a name: 1946-

670 ## - SOURCE DATA FOUND

  • Source citation: Հայկական համառոտ հանրագիտարան, 2003 :
  • Information found: հ. 4 (Պետրոսյան Ալվարդ Բարդուղի (ծ. 4.10.1946, Երևան), գրող, հրապարակախոս։ Բ.Ն. Պետրոսյանի աղջիկը, Ս.Բ. Պետրոսյանի քույրը։ «Առագաստ» շաբաթաթերթի գլխ. խմբ. (1991-94)։ ՀՕՄ-ի Հայաստանի շրջ. կազմակերպ. վարչ. ատենապետուհի (1994-98), կենտր. վարչ. անդամ (1998-ից)։ ՀՀ ԱԺ պատգմ. (1999-ից))

670 ## - SOURCE DATA FOUND

  • Source citation: Ապրելու օրենքը (Վիպակներ, պատմվածքներ, պիեսներ), 1989 :
  • Information found: տիտղթ. (Ալվարդ Պետրոսյան)

670 ## - SOURCE DATA FOUND

  • Source citation: Ես մի ծառ եմ ծիրանի, 1984 :
  • Information found: տիտղթ. (Ա. Պետրոսյան)

670 ## - SOURCE DATA FOUND

  • Source citation: Շիրազ, Ս. Հայրիկ (Հուշեր-խոհագրություն), 1993 :
  • Information found: տիտղթ. (Խմբ.՝ Ա. Պետրոսյան)

670 ## - SOURCE DATA FOUND

  • Source citation: Дом человека (Повести и рассказы), 1987 :
  • Information found: т.л. (А. Петросян); конц. (Петросян Алвард)


ՀՀ ԳԱԱ հիմնարար գիտական գրադարան
ՀՀ,Երևան 0019
Մարշալ Բաղրամյան 24/6
հեռախոս:(374-10) 52-47-50
Հետադարձ կապ

All site content, except where otherwise noted, is licensed under a
Creative Commons License